<?xml version="1.0" encoding="UTF-8"?>
<record
    xmlns:xsi="http://www.w3.org/2001/XMLSchema-instance"
    xsi:schemaLocation="http://www.loc.gov/MARC21/slim http://www.loc.gov/standards/marcxml/schema/MARC21slim.xsd"
    xmlns="http://www.loc.gov/MARC21/slim">

  <leader>01128nam a22002291  4500</leader>
  <controlfield tag="001">53934</controlfield>
  <controlfield tag="003">ES-MaACL</controlfield>
  <controlfield tag="005">20230906162845.0</controlfield>
  <controlfield tag="007">t|</controlfield>
  <controlfield tag="008">900725s1866    sp           ||||0| spa d</controlfield>
  <datafield tag="080" ind1=" " ind2=" ">
    <subfield code="a">61:061.236.7(460.27 M.)</subfield>
  </datafield>
  <datafield tag="110" ind1="2" ind2=" ">
    <subfield code="a">Sociedad M&#xE9;dica La Amiga del Estudio.</subfield>
    <subfield code="9">134900</subfield>
  </datafield>
  <datafield tag="245" ind1="1" ind2="0">
    <subfield code="a">Resumen de las tareas de la Sociedad M&#xE9;dica La Amiga del Estudio, en el per&#xED;odo acad&#xE9;mico de 1864 a 1865, le&#xED;do en la sesi&#xF3;n aniversario de 18 de febrero de 1866 / </subfield>
    <subfield code="c">por el secretario de actas D. C. Emilio G&#xF3;mez Manso.</subfield>
  </datafield>
  <datafield tag="260" ind1=" " ind2=" ">
    <subfield code="a">Madrid : </subfield>
    <subfield code="b">[s.n.], </subfield>
    <subfield code="c">1866 (</subfield>
    <subfield code="f">Imp. de Crist&#xF3;bal Gonz&#xE1;lez)</subfield>
  </datafield>
  <datafield tag="300" ind1=" " ind2=" ">
    <subfield code="a">39, XXIV p. ; </subfield>
    <subfield code="c">26 cm.</subfield>
  </datafield>
  <datafield tag="505" ind1="8" ind2=" ">
    <subfield code="a">Contiene: Discurso le&#xED;do en la apertura de la Sociedad M&#xE9;dica La Amiga del Estudio / por el socio de n&#xFA;mero M. Fern&#xE1;ndez y Rodr&#xED;guez . Ap&#xE9;ndices al discurso Sobre los sistemas y el m&#xE9;todo / por M. Fern&#xE1;ndez y Rodr&#xED;guez</subfield>
  </datafield>
  <datafield tag="610" ind1="2" ind2="4">
    <subfield code="a">Sociedad M&#xE9;dica La Amiga del Estudio.</subfield>
    <subfield code="9">134900</subfield>
  </datafield>
  <datafield tag="700" ind1="1" ind2=" ">
    <subfield code="a">G&#xF3;mez Manso, Emilio.</subfield>
    <subfield code="9">58027</subfield>
  </datafield>
  <datafield tag="700" ind1="1" ind2=" ">
    <subfield code="a">Fern&#xE1;ndez y Rodr&#xED;guez, Mariano.</subfield>
    <subfield code="9">50191</subfield>
  </datafield>
  <datafield tag="852" ind1="4" ind2=" ">
    <subfield code="a">ES-MaACL</subfield>
    <subfield code="j">T-75-F-5</subfield>
  </datafield>
  <datafield tag="852" ind1="4" ind2=" ">
    <subfield code="a">ES-MaACL</subfield>
    <subfield code="j">T-76-F-9</subfield>
  </datafield>
  <datafield tag="999" ind1=" " ind2=" ">
    <subfield code="c">53934</subfield>
    <subfield code="d">53934</subfield>
  </datafield>
  <datafield tag="952" ind1=" " ind2=" ">
    <subfield code="0">0</subfield>
    <subfield code="1">0</subfield>
    <subfield code="4">0</subfield>
    <subfield code="7">0</subfield>
    <subfield code="8">Colecci&#xF3;n_de_folletos</subfield>
    <subfield code="a">ATENEOM</subfield>
    <subfield code="b">ATENEOM</subfield>
    <subfield code="c">DEPOF</subfield>
    <subfield code="d">2022-12-30</subfield>
    <subfield code="e">DON</subfield>
    <subfield code="l">0</subfield>
    <subfield code="o">T-75-F-5</subfield>
    <subfield code="p">1205074</subfield>
    <subfield code="r">2023-02-23 00:00:00</subfield>
    <subfield code="w">2023-02-23</subfield>
    <subfield code="y">FOLLETOS</subfield>
  </datafield>
  <datafield tag="952" ind1=" " ind2=" ">
    <subfield code="0">0</subfield>
    <subfield code="1">0</subfield>
    <subfield code="4">0</subfield>
    <subfield code="7">0</subfield>
    <subfield code="8">Colecci&#xF3;n_de_folletos</subfield>
    <subfield code="a">ATENEOM</subfield>
    <subfield code="b">ATENEOM</subfield>
    <subfield code="c">DEPOF</subfield>
    <subfield code="d">2008-01-17</subfield>
    <subfield code="e">SC</subfield>
    <subfield code="l">0</subfield>
    <subfield code="o">T-76-F-9</subfield>
    <subfield code="p">1056682</subfield>
    <subfield code="r">2023-02-23 00:00:00</subfield>
    <subfield code="w">2023-02-23</subfield>
    <subfield code="y">FOLLETOS</subfield>
  </datafield>
</record>
